Normal view
MARC view
Entry Topical Term
001 - CONTROL NUMBER
- control field: 5585
003 - CONTROL NUMBER IDENTIFIER
- control field: BD-RjUL
005 - DATE AND TIME OF LATEST TRANSACTION
- control field: 20221031153741.0
008 - FIXED-LENGTH DATA ELEMENTS
- fixed length control field: 221031|| aca||aabn | a|a d
040 ## - CATALOGING SOURCE
- Original cataloging agency: BD-RjUL
- Transcribing agency: BD-RjUL
150 ## - HEADING--TOPICAL TERM
- Topical term or geographic name entry element: Genetic resources
670 ## - SOURCE DATA FOUND
- Source citation: Work cat.: (BD-RjUL)80662: Roy, Nukul Krishna 5584, Genetic studies on some plant characters of mungbkan (vigna radiata (L.) wilcsek) /, 1984